[Event "Newfoundland-ch"]
[Site "Portugal Cove "]
[Date "2013.04.20"]
[Round "2"]
[White "Oliver, Brian"]
[Black "Berson, Jordan"]
[Result "0-1"]
[WhiteElo "1477"]
[BlackElo "2021"]
[PlyCount "80"]
[EventDate "2013.04.19"]
[EventType "swiss"]
[EventRounds "5"]
[EventCountry "CAN"]
[SourceTitle "EXT 2014"]
[Source "ChessBase"]
[SourceDate "2013.11.20"]
[SourceVersion "1"]
[SourceVersionDate "2013.11.20"]
[SourceQuality "1"]

1. e4 c6 2. d4 d5 3. Nc3 dxe4 4. Nxe4 Nd7 5. c4 Ngf6 6. Bd3 Nxe4 7. Bxe4 Nf6 8. Bf3 Bf5 9. Ne2 e6 10. 0-0 Bd6 11. Nc3 Qc7 12. g3 h5 13. Bg5 Nh7 14. Be3 h4 15. c5 Bxg3 16. fxg3 hxg3 17. Qd2 0-0-0 18. Bf4 gxh2+ 19. Bxh2 Qe7 20. Qf4 Qg5+ 21. Bg2 Qxf4 22. Rxf4 g5 23. Rf2 Rhg8 24. Bd6 g4 25. Be4 Ng5 26. Rxf5 exf5 27. Bxf5+ Ne6 28. Ne4 b6 29. Nf6 Rg5 30. Bd3 Kb7 31. Ne4 Rd5 32. Be5 Rxe5 33. Nd6+ Rxd6 34. cxd6 Nxd4 35. Kf2 f5 36. Bc4 c5 37. Re1 g3+ 38. Kf1 g2+ 39. Kf2 Rxe1 40. Kxe1 g1Q+ 0-1

[Event "Halifax Maritime op"]
[Site "Halifax"]
[Date "2012.10.08"]
[Round "6"]
[White "Oliver, Brian"]
[Black "MacNeil, Conrad"]
[Result "0-1"]
[WhiteElo "1504"]
[BlackElo "1565"]
[PlyCount "76"]
[EventDate "2012.10.06"]
[EventType "swiss"]
[EventRounds "6"]
[EventCountry "CAN"]
[SourceTitle "EXT 2022"]
[Source "ChessBase"]
[SourceDate "2021.10.06"]
[SourceVersion "1"]
[SourceVersionDate "2021.10.06"]
[SourceQuality "1"]

1. e4 c5 2. Nf3 Nc6 3. d4 cxd4 4. Nxd4 e5 5. Nb5 d6 6. Be3 a6 7. N5c3 Nf6 8. Be2 Be7 9. Nd2 Be6 10. Nc4 Nd7 11. Nd5 b5 12. Nxe7 Qxe7 13. Nxd6+ Kf8 14. c3 Rd8 15. Nf5 Bxf5 16. exf5 Nf6 17. Qc2 Nd5 18. 0-0 g6 19. Bh6+ Ke8 20. fxg6 hxg6 21. Qc1 Qh4 22. c4 Rxh6 23. h3 Nf4 24. Bf3 Nd4 25. Qe3 Nxf3+ 26. Qxf3 Qg5 27. Kh2 Rd3 28. Qc6+ Kf8 29. Qc8+ Kg7 30. Rg1 Ne2 31. Rge1 Nf4 32. Rg1 Ne2 33. Rge1 Qf4+ 34. Kh1 Qxf2 35. Qg4 Ng3+ 36. Kh2 f5 37. Qg5 Rxh3+ 38. Kxh3 Nf1+ 0-1